000 00909nam a2200265Ia 4500
003 OSt
005 20221005105347.0
006 a|||||r|||| 00| 0
007 ta
008 221004b |||||||| |||| 00| 0 hin d
020 _c125
024 _a121433
037 _b13336, 23/07/2012, Kitab Ghar
_cTextual
040 _aCRL
_cCRL
_bhin
041 _2hin
_ahin
082 _aO152,6:g, M8
100 _aहरिमोहन
245 0 _aहिन्दी निबन्ध के आधार स्तम्भ
246 _aHindī nibandha ke ādhār stambha
260 _aनई दिल्ली
_bतक्षशिला प्रकाशन भारत
_c1988
300 _a159पृ0
_ccm.
650 _aहिन्दी साहित्य
942 _hO152,6:g, M8
_cTEXL
_2cc
999 _c1015589
_d1015589